000 00695nam a2200253Ia 4500
003 OSt
005 20220927111207.0
006 a|||||r|||| 00| 0
007 ta
008 220926b |||||||| |||| 00| 0 eng d
024 _a116070
037 _cReports
040 _aRTL
_cRTL
_beng
041 _2eng
_aeng
082 _a"L:51.235s, L5/GD"
110 _aMaharashtra Health Services (D/O-)
_9381591
245 0 _aAnnual vital statistics of the Maharastra
260 _aBombay
_bGovt Press India
490 _v1975
650 _aMedicine
700 _aMaharashtra Health Services (D/O-)
_9381592
942 _h"L:51.235s, L5/GD"
_cCC
999 _c698798
_d698798